00886nam a22002297a 450000500170000001000150001702000270003203500140005903700130007308200140008610000210010024501100012126000400023127000730027130000340034449000350037850000460041370000220045994200280048199900190050995201280052820170421115009.0 aENG-117922 a9781470437336c1225.00 aEN-101454 bDBAD/PUB a652.80151 aCozzens,Margreat aThe mathematics of encryption :cby Margaret Cozzens [and] Steven J. Millerban elementary introduction / aTelanganabUniversities pressc2017 a3-6-747/1/A & 3-6-754/1, Himayatnagar,bTelangana(Hyderabad)e500029v axvii,333p. :c23cm (pbk)bill aMathematical World ; Volume 29 aincludes bibliographical references index a Miller,Steven J. 2ddccENmCOZh652.80151 c139168d139168 001040718NFICaDBADbBNd2017-04-21eDBAD/PUBg1225.00l0o652.80151 COZpEN-101454r2017-04-21 00:00:00t1v1225.00yEN